| 000 | 00739nam a22002177a 4500 | ||
|---|---|---|---|
| 003 | OSt | ||
| 005 | 20110718134418.0 | ||
| 008 | 100316t xxu||||| |||| 00| 0 eng d | ||
| 020 | _a9966408363 | ||
| 040 |
_aNEGST Library - Kenya _cNEGST Library - Kenya _dNEGST Library - Kenya |
||
| 050 | 1 | 4 |
_aBS 325 _b.N83 1999 |
| 110 | 1 | 0 |
_aBible Society in Sudan. _91069 |
| 245 | 1 | 0 | _aRuac Kuoth in rel ro . |
| 260 |
_aKhartoum : _bBible Society of the Sudan, _c1999. |
||
| 300 |
_avi,829, 275 p., [5]p. of plates _bill., maps _c23 cm. |
||
| 500 | _a"The Holy Bible in Nuer, a common language translation." - T.p. verso. | ||
| 500 | _a[Africana]. | ||
| 630 |
_aBible. Nuer. 1999. _91070 |
||
| 650 |
_aNuer language _vTexts. _91071 |
||
| 942 |
_2lcc _cREF |
||
| 999 |
_c44965 _d44941 |
||